000 00467 a2200169 4500
001 066448
003 OSt
005 20210929100226.0
008
082 _a551.6
_bS21M
100 1 _aSaikia, Ranjana
245 1 _aMaking sense of climate change
_cby Ranjana Saikia
260 _aNew Delhi
_bTerri Press
_c2009
300 _a55p.
690 _aClimatic changes; Climatic changes--Social aspects; Global warming
942 _2ddc
_cBK
999 _c502
_d502